| 000 | 00732nam a2200217 a 4500 | ||
|---|---|---|---|
| 999 |
_c7829 _d7829 |
||
| 001 | 7829 | ||
| 003 | BD-JhCC | ||
| 005 | 20180214130938.0 | ||
| 008 | 180214s1990 bg |||| ||a| 000 0 ben d | ||
| 035 | _a(BD-JhCC)7829 | ||
| 040 |
_aBD-JhCC _dBD-JhCC |
||
| 041 | _aben | ||
| 082 |
_a954.9252 _bASA 1990 |
||
| 100 | _aআসাদ, আসাদুজ্জামান | ||
| 245 |
_aযশোর জেলার ইতিহাস / _cআসাদুজ্জামান আসাদ (সম্পাদিত) |
||
| 260 |
_aঢাকা : _bদিগন্ত প্রচারনী লিমিটেড, _c1990. |
||
| 300 |
_a565 p. : _c22 cm. |
||
| 650 |
_aHistory Jessore _zBangladesh |
||
| 942 |
_2ddc _cBK |
||